Online
Catalog
Normal view MARC view

Entry Nombre corporativo

Number of records used in: 1

001 - NÚMERO DE CONTROL

  • campo de control: 82482

003 - IDENTIFICADOR DEL NÚMERO DE CONTROL

  • campo de control: DO-SdBNP

005 - FECHA Y HORA DE LA ÚLTIMA TRANSACCIÓN

  • campo de control: 20221004115639.0

008 - DATOS DE LONGITUD FIJA

  • campo de control de longitud fija: 221004|| aca||aabn | a|a d

040 ## - FUENTE DE LA CATALOGACIÓN

  • Centro catalogador/agencia de origen: DO-SdBNP
  • Centro/agencia transcriptor: DO-SdBNP

110 ## - ENCABEZAMIENTO-NOMBRE DE ENTIDAD CORPORATIVA

  • Nombre de entidad corporativa o nombre de jurisdicción como elemento de entrada: Instituto Dominicano de Alimentación y Nutrición (IDAN)

670 ## - FUENTE DE DATOS ENCONTRADOS

  • Cita de la fuente: Work cat.: (DO-SdBNP)52517: Ogando, Eduardo 53747, Propuesta para apoyar los esfuerzos nacionales para la prevención de la intoxicación por plomo, dentro del contexto de la atención para la supervivencia, crecimiento y desarrollo de la infancia :, 2000.

Powered by Koha